Tutte le Squadre di Serie A, B, C, C1 e C2 - Statistics

Statistiche generali
  • Questo quiz è stato fatto 882 volte
    314 dall'ultimo reset
  • Il punteggio medio è 207 su 520
Statistiche sulle risposte
% Corretto
Abruzzo Pescara
89%
Piemonte Juventus
87%
Piemonte Juventus U23
87%
Lombardia Inter
86%
Lombardia Inter U23
86%
Lombardia Milan
86%
Lombardia Milan Futuro
86%
Campania Napoli
85%
Lazio Roma
85%
Piemonte Torino
85%
Lazio VV. FF. Roma
85%
Lazio Lazio
84%
Toscana Fiorentina
83%
Toscana Florentia Viola
83%
Lombardia Atalanta
82%
Lombardia Atalanta U23
82%
Sardegna Cagliari
82%
Campania Avellino
81%
Puglia Bari
81%
Campania Benevento
81%
Emilia-Romagna Bologna
81%
Molise Campobasso
81%
Sicilia Catania
81%
Liguria Genoa
81%
Puglia Lecce
81%
Sicilia Palermo
81%
Basilicata Potenza
81%
Liguria Sampdoria
81%
Friuli-Venezia Giulia Udinese
81%
Sicilia VV. FF. Palermo
81%
Toscana Livorno
80%
Calabria Reggina
80%
Emilia-Romagna Parma
79%
Toscana Pisa
79%
Campania Salernitana
79%
Calabria Crotone
78%
Puglia Foggia
78%
Lazio Frosinone
78%
Veneto Hellas Verona
78%
Veneto Venezia
78%
Calabria Catanzaro
77%
Lombardia Cremonese
77%
Liguria Dipendenti Municipali La Spezia
77%
Lazio MATER
77%
Sicilia Messina
77%
Veneto Padova
77%
Emilia-Romagna Reggiana
77%
Liguria Spezia
77%
Friuli-Venezia Giulia Triestina
77%
Marche Ancona
76%
Lombardia Como
76%
Veneto L.R. Vicenza
76%
Umbria Perugia
76%
Emilia-Romagna Rimini
76%
Emilia-Romagna Sassuolo
76%
Emilia-Romagna SPAL
75%
Umbria Ternana
75%
Emilia-Romagna Modena
74%
Sicilia Trapani
74%
Trentino-Alto Adige Trento
74%
Piemonte Alessandria
73%
Valle d'Aosta Aosta
73%
Lombardia Brescia
73%
Veneto ChievoVerona
73%
Trentino-Alto Adige Südtirol
73%
Lombardia Union Brescia
73%
Emilia-Romagna Cesena
72%
Abruzzo Chieti
72%
Calabria Cosenza
72%
Abruzzo L'Aquila
72%
Lazio Latina
72%
Lombardia Monza
72%
Piemonte Novara
72%
Marche Ascoli
71%
Campania Casertana
71%
Lombardia Mantova
71%
Emilia-Romagna Piacenza
71%
San Marino San Marino
71%
Toscana Carrarese
70%
Toscana Empoli
70%
Lombardia Lecco
70%
Toscana Siena
70%
Basilicata Matera
69%
Sardegna Olbia
69%
Friuli-Venezia Giulia Pordenone
69%
Emilia-Romagna Ravenna
69%
Sicilia Siracusa
69%
Sardegna Torres
69%
Toscana Arezzo
68%
Puglia Brindisi
68%
Molise Isernia
68%
Puglia Taranto
68%
Veneto Treviso
68%
Lombardia Pavia
67%
Piemonte Pro Vercelli
67%
Emilia-Romagna Forlì
66%
Lazio Rieti
66%
Liguria Savona
66%
Puglia Barletta
65%
Toscana Grosseto
65%
Campania Juve Stabia
65%
Toscana Lucchese
65%
Toscana Pistoiese
65%
Lombardia Pro Patria
65%
Lombardia Varese
64%
Liguria Virtus Entella
64%
Lazio Viterbese
64%
Lombardia AlbinoLeffe
63%
Emilia-Romagna Carpi
63%
Liguria Imperia
63%
Piemonte Asti
62%
Sicilia Enna
62%
Toscana Prato
62%
Marche Sambenedettese
61%
Piemonte Cuneo
60%
Abruzzo Teramo
60%
Campania Giugliano
59%
Umbria Gubbio
59%
Sicilia Ragusa
59%
Marche Maceratese
58%
Veneto Rovigo
58%
Trentino-Alto Adige Bolzano
56%
Lombardia FeralpiSalò
56%
Toscana Massese
56%
Abruzzo Virtus Lanciano
56%
Lombardia Alcione Milano
55%
Puglia Monopoli
55%
Puglia Trani
55%
Piemonte Casale
54%
Campania Turris
54%
Marche Vis Pesaro
54%
Sicilia Akragas
53%
Puglia Audace Cerignola
53%
Veneto Cittadella
53%
Marche Fermana
53%
Veneto Belluno
52%
Piemonte Biellese
52%
Campania Cavese
52%
Lombardia Lumezzane
52%
Abruzzo Pineto
52%
Toscana Pontedera
52%
Emilia-Romagna Riccione
52%
Campania Sorrento
52%
Puglia Team Altamura
52%
Lazio Alba Roma
51%
Sicilia Gela
51%
Lombardia Pro Sesto
51%
Piemonte Bra
50%
Lombardia Crema
50%
Puglia Gallipoli
50%
Croazia Magazzini Generali
50%
Lombardia Pergolettese
50%
Puglia Fidelis Andria
49%
Lazio Guidonia Montecelio
49%
Liguria Sanremese
49%
Sicilia Agrigento
48%
Basilicata AZ Picerno
48%
Lombardia Legnano
48%
Piemonte Verbania
48%
Calabria Vibonese
48%
Veneto Virtus Verona
48%
Veneto Arzignano Valchiampo
47%
Emilia-Romagna Fiorenzuola
47%
Campania Nocerina
47%
Toscana Pianese
47%
Campania Savoia
47%
Veneto Dolomiti Bellunesi
46%
Lombardia Renate
46%
Liguria Vado
46%
Liguria Sampierdarenese
45%
Sicilia Acireale
44%
Puglia Altamura
44%
Lombardia Giana Erminio
44%
Campania Ischia Isolaverde
44%
Basilicata Melfi
44%
Puglia Casarano
43%
Marche Fano
43%
Abruzzo Francavilla
43%
Piemonte Novese
43%
Lombardia Ospitaletto
43%
Emilia-Romagna Faenza
42%
Emilia-Romagna Imolese
42%
Liguria Sestri Levante
42%
Toscana Tuttocuoio
42%
Lazio Lodigiani
41%
Lazio Lupa Roma
41%
Veneto Mestre
41%
Trentino-Alto Adige Rovereto
41%
Toscana Viareggio
41%
Sardegna Alghero
40%
Abruzzo Castel di Sangro
40%
Veneto Clodiense
40%
Piemonte Derthona
40%
Umbria Foligno
40%
Veneto Legnago
40%
Puglia Manfredonia
40%
Sardegna Nuorese
40%
Veneto San Donà
40%
Lombardia Sangiuliano City
40%
Veneto Bassano Virtus
39%
Abruzzo Giulianova
39%
Campania Paganese
39%
Campania Puteolana
39%
Lazio Aprilia
38%
Campania Aversa Normanna
38%
Abruzzo Avezzano
38%
Sardegna Carbonia
38%
Lazio Ostia Mare
38%
Lazio Pomezia
38%
Veneto Portogruaro
38%
Lazio Tivoli
38%
Puglia Bisceglie
37%
Lazio Civitavecchia
37%
Campania Nola
37%
Umbria Virtus Spoleto
37%
Umbria Città di Castello
36%
Puglia Fasano
36%
Sicilia Marsala
36%
Toscana Piombino
36%
Friuli-Venezia Giulia Pro Gorizia
36%
Emilia-Romagna Pro Piacenza
36%
Campania Scafatese
36%
Lombardia Seregno
36%
Lombardia Vogherese
36%
Campania Afragolese
35%
Lazio Ala Italiana
35%
Veneto Caldiero
35%
Lombardia Cantù
35%
Calabria Castrovillari
35%
Emilia-Romagna Cattolica
35%
Marche Civitanovese
35%
Lombardia Fanfulla
35%
Campania Gelbison Cilento
35%
Puglia Martina
35%
Puglia Molfetta
35%
Puglia Nardò
35%
Toscana Poggibonsi
35%
Marche Recanatese
35%
Calabria Rende
35%
Abruzzo Vastese
35%
Lombardia Vigevano
35%
Croazia Fiumana
34%
Marche Jesina
34%
Sicilia Licata
34%
Sicilia Nissa
34%
Calabria | Campania Palmese
34%
Piemonte Pinerolo
34%
Lazio Sora
34%
Calabria Vigor Lamezia
34%
Liguria Albissola
33%
Emilia-Romagna Forlimpopoli
33%
Friuli-Venezia Giulia Monfalcone
33%
Toscana Montevarchi
33%
Lombardia Saronno
33%
Lombardia Gallaratese
32%
Piemonte Ivrea
32%
Lombardia Magenta
32%
Marche Matelica
32%
Toscana Montecatini
32%
Liguria Rapallo
32%
Toscana Sangiovannese
32%
Lombardia Trevigliese
32%
Veneto Adriese
31%
Lombardia Alzano Virescit
31%
Campania Battipagliese
31%
Emilia-Romagna Centese
31%
Emilia-Romagna Cesenatico
31%
Toscana Figline
31%
Calabria Gioiese
31%
Campania Internapoli
31%
Sicilia Modica
31%
Toscana San Donato Tavarnelle
31%
Liguria Sestrese
31%
Puglia Virtus Francavilla
31%
Sicilia Vittoria
31%
Lombardia Abbiategrasso
30%
Sardegna Arzachena
30%
Lazio Atletico Roma
30%
Lazio Cassino
30%
Toscana Cecina
30%
Veneto Conegliano
30%
Toscana Forte dei Marmi
30%
Lombardia Montichiari
30%
Lombardia Palazzolo
30%
Sicilia Paternò
30%
Toscana Sansepolcro
30%
Liguria Andrea Doria
29%
Abruzzo Celano
29%
Veneto Città di Jesolo
29%
Campania Gladiator
29%
Umbria Gualdo
29%
Lazio Monterosi Tuscia
29%
Lombardia Sant'Angelo
29%
Liguria Sarzanese
29%
Sardegna Tempio
29%
Marche Tolentino
29%
Liguria Albenga
28%
Sicilia Atletico Catania
28%
Lombardia Aurora Desio
28%
Campania Campania
28%
Lazio Cisco Roma
28%
Toscana Gavorrano
28%
Piemonte Gozzano
28%
Calabria HinterReggio
28%
Sicilia Igea Virtus
28%
Veneto Mira
28%
Piemonte Moncalieri
28%
Lombardia Oltrepò
28%
Lombardia Pizzighettone
28%
Lombardia Pro Lissone
28%
Veneto Schio
28%
Lombardia Suzzara
28%
Marche Vigor Senigallia
28%
Friuli-Venezia Giulia 94° Reparto Distrettuale
27%
Piemonte Albese
27%
Slovenia Ampelea
27%
Lazio Astrea
27%
Emilia-Romagna Brescello
27%
Liguria Cairese
27%
Lombardia Caratese
27%
Toscana Castelnuovo
27%
Emilia-Romagna Castel San Pietro
27%
Lazio Cynthia
27%
Veneto Giorgione
27%
Croazia Grion Pola
27%
Veneto Luparense
27%
Trentino-Alto Adige Mezzocorona
27%
Campania Neapolis
27%
Puglia Noicattaro
27%
Marche Osimana
27%
Toscana Rondinella Marzocco
27%
Sardegna San Giorgio Fois
27%
Emilia-Romagna Santarcangelo
27%
Piemonte Valenzana
27%
Lombardia Albinese
26%
Sicilia Canicattì
26%
Lombardia Castiglione
26%
Lombardia Codogno
26%
Lazio Fondi
26%
Campania Ilva Bagnolese
26%
Lombardia Ponte San Pietro
26%
Abruzzo Popoli
26%
Lazio Racing Roma
26%
Campania Real Marcianise
26%
Toscana Sansovino
26%
Lombardia Tritium
26%
Veneto Valdagno
26%
Sardegna Villacidrese
26%
Emilia-Romagna Bellaria Igea Marina
25%
Campania Casoria
25%
Toscana Cuoiopelli
25%
Toscana Cuoiopelli Cappiano Romaiano
25%
Lazio Isola Liri
25%
Lombardia Meda
25%
Veneto Monselice
25%
Toscana Orbetello
25%
Toscana Pietrasanta
25%
Campania Pomigliano
25%
Puglia Pro Italia Galatina
25%
Abruzzo Rosetana
25%
Valle d'Aosta Saint-Christophe Vallée d'Aoste
25%
Campania Sangiuseppese
25%
Marche Sangiustese
25%
Lombardia Sestese
25%
Lazio Tevere Roma
25%
Lombardia Virescit Boccaleone
25%
Puglia Arsenale Taranto
24%
Lazio Banco di Roma
24%
Emilia-Romagna Baracca Lugo
24%
Emilia-Romagna Boca San Lazzaro
24%
Piemonte Borgosesia
24%
Lombardia Carpenedolo
24%
Emilia-Romagna Crevalcore
24%
Sicilia Giarre
24%
Sardegna Ilva Maddalena
24%
Piemonte Juventus Domo
24%
Liguria La Dominante
24%
Sicilia Milazzo
24%
Piemonte Pro Belvedere
24%
Veneto Real Vicenza
24%
Emilia-Romagna Russi
24%
Friuli-Venezia Giulia Sacilese
24%
Campania Sant'Anastasia
24%
Lombardia Solbiatese
24%
Veneto Thiene
24%
Liguria Varazze
24%
Calabria Adelaide Nicastro
23%
Toscana Aglianese
23%
Abruzzo Angizia Luco
23%
Campania Arzanese
23%
Toscana Borgo a Buggiano
23%
Emilia-Romagna Budrio
23%
Lombardia Calcio Caravaggese
23%
Toscana Colligiana
23%
Veneto Delta Porto Tolle
23%
Campania Ercolano
23%
Lazio FEDIT
23%
Lazio Formia
23%
Emilia-Romagna Giacomense
23%
Friuli-Venezia Giulia Itala San Marco
23%
Lombardia Leffe
23%
Lombardia Manerbio
23%
Emilia-Romagna Molinella
23%
Veneto Montebelluna
23%
Abruzzo Morro d'Oro
23%
Abruzzo Pescina Valle del Giovenco
23%
Toscana Ponsacco
23%
Liguria Rivarolese
23%
Lombardia Rodengo Saiano
23%
Abruzzo Val di Sangro
23%
Liguria Ventimigliese
23%
Campania Vico Equense
23%
Veneto Vittorio Veneto
23%
Lazio ALMAS
22%
Lombardia Armando Casalini
22%
Lombardia Casatese
22%
Marche Elpidiense Cascinare
22%
Piemonte FIAT
22%
Sicilia Juventina Gela
22%
Lombardia Orceana
22%
Veneto Pievigina
22%
Piemonte Saviglianese
22%
Calabria Siderno
22%
Puglia Tricase
22%
Lombardia Acciaierie Falck
21%
Veneto Audace San Michele Extra
21%
Toscana Aullese
21%
Campania Ebolitana
21%
Friuli-Venezia Giulia Edera Trieste
21%
Friuli-Venezia Giulia Fortitudo Trieste
21%
Sicilia Massiminiana
21%
Emilia-Romagna Mirandolese
21%
Lazio Pro Cisterna
21%
Toscana Rosignano Solvay
21%
Puglia Rutigliano
21%
Veneto Sambonifacese
21%
Sardegna Sant'Elena
21%
Sicilia Alcamo
20%
Lazio Casalotti
20%
Umbria Castel Rigone
20%
Campania Frattese
20%
Toscana Fucecchio
20%
Lombardia Luino
20%
Lombardia Rhodense
20%
Toscana SGEM Villafranca
20%
Sicilia Terranova Gela
20%
Lombardia Vis Nova Giussano
20%
Campania Albanova
19%
Lombardia Alfa Romeo
19%
Piemonte Canavese
19%
Toscana Cerretese
19%
Lazio Colleferro
19%
Piemonte Cossatese
19%
Liguria Ilva Savona
19%
Emilia-Romagna Iperzola
19%
Lombardia Isotta Fraschini
19%
Friuli-Venezia Giulia Libertas Trieste
19%
Lazio Lupa Frascati
19%
Toscana Monsummanese
19%
Lombardia Mortara
19%
Lombardia Parabiago
19%
Lombardia Pirelli
19%
Liguria Pontedecimo
19%
Puglia Pro Italia Taranto
19%
Sardegna Sorso
19%
Lombardia Vittorio Necchi
19%
Piemonte Acqui
18%
Croazia Arsa
18%
Liguria Corniglianese
18%
Emilia-Romagna Crociati Noceto
18%
Sicilia Leonzio
18%
Lombardia Melzo
18%
Piemonte Omegna
18%
Emilia-Romagna Amatori Bologna
17%
Sicilia Aviosicula Palermo
17%
Lombardia Brembillese
17%
Lombardia Caproni
17%
Lazio Cerveteri
17%
Marche Enzo Andreanelli
17%
Lombardia Gerli
17%
Toscana Lanciotto
17%
Piemonte Settimo
17%
Puglia Toma Maglie
17%
Emilia-Romagna Trancerie Mossina
17%
Lombardia Breda
16%
Lazio Chinotto Neri
16%
Piemonte Fossanese
16%
Sicilia Juventina Palermo
16%
Sardegna La Palma
16%
Lombardia Rizzoli
16%
Friuli-Venezia Giulia Torviscosa
16%
Piemonte Arona
15%
Lazio Avia
15%
Friuli-Venezia Giulia Ponziana
15%
Veneto Pro Mogliano
15%
Toscana Signa
15%
Campania Grumese
14%
Lombardia Poggese
14%
Lombardia Redaelli
14%
Piemonte Sparta Novara
14%
Campania Valdiano
14%
Campania Cirio
13%
Sicilia Mario Passamonte
12%
Emilia-Romagna Panigale
12%
Toscana Vincenzo Benini
12%
Sicilia Arsenale Messina
11%
Emilia-Romagna Bondenese
11%
Puglia Cantieri Tosi
11%
Piemonte Cinzano
11%
Friuli-Venezia Giulia Pieris
11%
Puglia Pro Gioia
11%
Lombardia Telgate
11%
Lombardia Ardens
10%
Puglia Avio Squadra
10%
Piemonte Galliate
10%
Lombardia Sebinia Alto Sebino
10%
Puglia Squinzano
10%
Puglia Gioventù Brindisi
9%
Lombardia Villasanta
8%
Nessun quiz corrispondente trovato
Distribuzione punteggi
Percentuale di utenti per punteggio
Percentile per numero di risposta
I tuoi punteggi nel tempo
Non hai fatto questo quiz dall'ultimo reset